| 000 | 00387 a2200133 4500 | ||
|---|---|---|---|
| 003 | Nust | ||
| 005 | 20170207165248.0 | ||
| 040 | _cNust | ||
| 082 | _a799 | ||
| 245 |
_a Announcement of Posting JSC-MCC-50,Photographs-2014 _cMCS |
||
| 260 |
_aRawalpindi _bMCS _c30-05-2014 |
||
| 650 | _aPictures of Announcement of Posting JSC-MCC-50,Photographs-2014 (CD-NO 24 Vol III) | ||
| 651 | _aSweet Memories-MCS | ||
| 942 | _cBK | ||
| 999 |
_c211330 _d211330 |
||